Gaelic Scottish town names 2 - Statistics

General Stats
  • This quiz has been taken 140 times
  • The average score is 5 of 20
Answer Stats
Gaelic name English name % Correct
Port Ghlaschu Port Glasgow
74%
Banbh Banff
67%
Tobar Mhoire Tobermory
66%
Preastabhaig Prestwick
53%
Drochaid Alain Bridge of Allan
26%
Craoibh Crieff
23%
Cùil Lodair Culloden
21%
Alamhagh Alloa
20%
Taigh Iain Ghròt John o' Groats
19%
An t-Sròn Reamhar Stranraer
18%
Baile Eilidh Helensburgh
17%
Inbhir Aora Inveraray
16%
Drochaid a' Chòta Coatbridge
12%
An Eaglais Bhreac Falkirk
12%
Am Maol Ros Melrose
8%
Cill Rìmhinn St Andrews
8%
Allt a' Bhonnaich Bannockburn
6%
Ceann a' Bharra Barrhead
3%
Bàgh nan Uaimhean Wemyss Bay
3%
A' Bhruaich Fraserburgh
1%
No matching quizzes found
Score Distribution
Percent of People with Each Score
Percentile by Number Answered
Your Score History
You have not taken this quiz